Moscow and Chinese Communists
Gardado en:
| Autor Principal: | |
|---|---|
| Formato: | Libro |
| Idioma: | Undetermined |
| Publicado: |
California
Stanford University Press
1953
|
| Những chủ đề: | |
| Các nhãn: |
Engadir etiqueta
Sen Etiquetas, Sexa o primeiro en etiquetar este rexistro!
|
| Thư viện lưu trữ: | Trung tâm Học liệu Trường Đại học Cần Thơ |
|---|
| LEADER | 00523nam a2200181Ia 4500 | ||
|---|---|---|---|
| 001 | CTU_92572 | ||
| 008 | 210402s9999 xx 000 0 und d | ||
| 082 | |a 951.04 | ||
| 082 | |b N864 | ||
| 100 | |a North, Robert C. | ||
| 245 | 0 | |a Moscow and Chinese Communists | |
| 245 | 0 | |c Robert C. North | |
| 260 | |a California | ||
| 260 | |b Stanford University Press | ||
| 260 | |c 1953 | ||
| 650 | |a Communist China,China foreign relations Soviet Union | ||
| 904 | |i Hiếu | ||
| 980 | |a Trung tâm Học liệu Trường Đại học Cần Thơ | ||